Tres mujeres apasionadas /
Gardado en:
| Autor Principal: | |
|---|---|
| Formato: | Desconocido |
| Idioma: | Spanish |
| Materias: | |
| Etiquetas: |
Engadir etiqueta
Sen Etiquetas, Sexa o primeiro en etiquetar este rexistro!
|
MARC
| LEADER | 000000000a22000000004500 | ||
|---|---|---|---|
| 001 | 002984 | ||
| 041 | 0 | |a spa | |
| 100 | 1 | |a González, Alfredo | |
| 245 | 1 | 0 | |a Tres mujeres apasionadas / |c Alfredo González. |
| 300 | |a 64 páginas | ||
| 500 | |a En separata de la Revista Herencia Vol. 11, No. 2 y Vol. 12, No. 2.--2 ejemplares, uno donado por Gastón Gaínza | ||
| 650 | 4 | |a ODIO, EUNICE, 1922-1974 | |
| 650 | 4 | |a OREAMUNO, YOLANDA, (1916-1956) | |
| 650 | 4 | |a VARGAS, CHAVELA, 1919- | |
| 773 | 0 | |d San José, Costa Rica : Programa de Rescate y Revitalización del Patrimonio Cultural |t Herencia |g volumen 11, número 2 (1988) | |
| 942 | |c ARC | ||
| 999 | |c 9971 |d 9971 | ||
